03172nab a2200565uuc4500001000800000005001700008008004100025035001200066040001300078041000800091100004200099245002600141505121900167650002701386650001401413650002301427650002701450650003801477650002501515650002301540650002301563650002101586650002201607650001701629650001001646650002201656650001001678650002801688650002101716650002901737650003001766700003201796700004401828700003301872700004101905700005201946700004001998700004102038700004102079700003802120700004102158700004202199700004502241700004002286700003302326700003602359700003802395700005402433773011902487134663920240827091745.0131010e20130105 eng  a1346639 ccomduadb aeng10aEutrópio, Frederico Jacob4auteaut10aEcology and limnology aCONTENIDO: Articulos del Dossier: First record of Amphipoda Talitroides topitotum (Burt, 1934) (Gammaridea, Talitridae) in the State of Espírito Santo, Brazil / Frederico Jacob Eutrópio; Werther Krohling (pp.37-39). -- Scientometric diagnosis of the use of remote sensing images in Landscape Ecology studies / Mariana Cristina Sarragiotto; Evanilde Benedito (pp. 41-46). -- Photo-degradation effect on dissolved organic carbon availability to bacterioplankton in a lake in the upper Paraná river floodplain / Mariana Carolina Teixeira; Júlio César Rodrigues de Azevedo; Thomaz Aurélio Pagioro (47-54). -- Medium and large sized mammal assemblages in coastal dunes and adjacent marshes in southern Rio Grande do Sul State, Brazil / Stefan Vilges de Oliveira; Fernando Marques Quintela; Eduardo Resende Secchi (55-61). -- Spatial distribution of aquatic Oligochaeta in Ilha Grande National Park, Brazil / Flávio Henrique Ragonha; Josiane Barros Chiaramonte; Hélio Martins Fontes Junior; Eduardo Ribeiro da Cunha; Evanilde Benedito; Alice Michiyo Takeda (63-70). -- Conservation assumptions and development in Brazilian Cerrado / Rodrigo de Jesus Silva; Maria Elisa de Paula Eduardo Garavello (71-75). aAnfípodos: Amphipoda aHojarasca 7aSilvicultura2lemb aImágenes satelitales aBases de datos - América Latina 7aCienciometria2embne aImágenes Landsat aCarbono orgánico aBacterioplancton aFotodegradación aExperimentos aFauna aBiología animal aDunas aDistribución espacial aPobreza - Brasil 7aÁreas protegidas2lemb aMedio ambiente y sociedad10aKrohling, Werther4auteaut10aSarragiotto, Mariana Cristina4auteaut10aBenedito, Evanilde4auteaut10aTeixeira, Mariana Carolina4auteaut10aAzevedo, Júlio César Rodrigues de4auteaut10aPagioro, Thomaz Aurélio4auteaut10aOliveira, Stefan Vilges de4auteaut10aQuintela, Fernando Marques4auteaut10aSecchi, Eduardo Resende4auteaut10aRagonha, Flávio Henrique4auteaut10aChiaramonte, Josiane Barros4auteaut10aFontes Junior, Hélio Martins4auteaut10aCunha, Eduardo Ribeiro da4auteaut10aBenedito, Evanilde4auteaut10aTakeda, Alice Michiyo4auteaut10aSilva, Rodrigo de Jesus4auteaut10aGaravello, Maria Elisa de Paula Eduardo4auteaut0 tActa Scientiarum: Biological Sciences (Brasil)gVol. 35, No. 01, Ene.-Mar. 2013, 37-75w1319377x1679-92830648406